| 000 | 00669cam a2200229 04500 | ||
|---|---|---|---|
| 001 | 44702 | ||
| 090 | _a44702 | ||
| 100 | _a19950301d1977 km y0pory50030103ba | ||
| 101 | 1 | _apor | |
| 102 | _aPT | ||
| 200 | 1 |
_aAs informacões que nós recebemos _fKellie Gardner _gtrad. Ana Clara Soares _gdes. Carlo, Mireille Wieland |
|
| 210 | 9 |
_aPaço de Arcos _cEixo, _d1977 |
|
| 215 |
_a32 p. _cil. _d24 cm |
||
| 225 | 2 |
_aJá percebi _v2 |
|
| 317 | _aBiblioteca Matilde Rosa Araújo | ||
| 675 |
_a087.5 _vmed _zpor |
||
| 700 | 1 |
_aGardner, _bKellie |
|
| 702 | 1 |
_aSoares, _bAna Clara _4730 |
|
| 702 | 1 |
_aWieland, _bCarlo _4440 |
|
| 702 | 1 |
_aWieland, _bMireille _4440 |
|
| 801 | 0 |
_aPT _bBN _gRPC |
|
| 990 | _cLIVROS | ||